Los monumentos megalíticos de la provincia de Gerona / (Record no. 44062)

MARC details
000 -LEADER
campo de control de longitud fija 00680nam a2200181 i 4500
001 - NÚMERO DE CONTROL
campo de control 44062
003 - IDENTIFICADOR DE NÚMERO DE CONTROL
campo de control ES-MaACL
005 - FECHA Y HORA DE LA ÚLTIMA TRANSACCIÓN
campo de control 20230906160939.0
007 - CAMPO FIJO DE DESCRIPCIÓN FÍSICA--INFORMACIÓN GENERAL
campo de control de longitud fija t|
008 - DATOS DE LONGITUD FIJA--INFORMACIÓN GENERAL
campo de control de longitud fija 030320s1912 sp ||||1| spa d
100 1# - ENTRADA PRINCIPAL--NOMBRE DE PERSONA
Nombre de persona Cazurro, Manuel.
9 (RLIN) 37257
245 14 - MENCIÓN DEL TÍTULO
Título Los monumentos megalíticos de la provincia de Gerona /
Mención de responsabilidad, etc. Manuel Cazurro.
260 ## - PUBLICACIÓN, DISTRIBUCIÓN, ETC.
Lugar de publicación, distribución, etc. Madrid :
Nombre del editor, distribuidor, etc. [s.n.,
Fecha de publicación, distribución, etc. 1912] (
Fabricante Imp. Fortanet)
300 ## - DESCRIPCIÓN FÍSICA
Extensión 84 p., 36 lám., 1 map. pleg. :
Otras características físicas il. ;
Dimensiones 24 cm.
500 ## - NOTA GENERAL
Nota general Precede al tít.: Junta para la Ampliación de Estudios e Investigaciones Científicas, Centro de Estudios Históricos.
710 2# - ENTRADA AGREGADA--NOMBRE DE ENTIDAD CORPORATIVA
Nombre de entidad corporativa o nombre de jurisdicción como elemento de entrada Centro de Estudios Históricos (1910-1939)
9 (RLIN) 2638
852 ## - LOCALIZACIÓN
Ubicación ES-MaACL
Número de control de estantería F-8316
Holdings
Estatus retirado Estado de pérdida Estado de daño No para préstamo Biblioteca de origen Biblioteca actual Ubicación en estantería Fecha de adquisición Fuente de adquisición Total de préstamos Signatura topográfica completa Código de barras Visto por última vez Precio de reemplazo Tipo de ítem Koha
        Biblioteca del Ateneo de Madrid Biblioteca del Ateneo de Madrid Sala Pecera Planta 2 17/01/2008     F-8316 1046375 23/02/2023 23/02/2023 Libro impreso